000 00265nam a22001217a 4500
020 _a9966445382
100 _aministry of education
245 _asecondary mathematics
250 _a3rd edition
260 _akenya
_bklb
_c2006
300 _a353
_bill
942 _cBK
999 _c251822
_d251821